Hospitality and tourism (Record no. 16444)

MARC details
000 -LEADER
fixed length control field 00437nam a2200169Ia 4500
008 - FIXED-LENGTH DATA ELEMENTS--GENERAL INFORMATION
fixed length control field 230917s9999||||xx |||||||||||||| ||und||
020 ## - ISBN
Price RS270
040 ## - CATALOGING SOURCE
-- 228789
Original cataloging agency VIVEKANANDA LIBRARY
041 ## - Language
-- English
082 ## - DDC NUMBER
Classification number 647.94 G959H
100 ## - MAIN ENTRY--PERSONAL NAME
Personal name Gupta, Rajat
245 #0 - TITLE STATEMENT
Title Hospitality and tourism
260 ## - PUBLICATION, DISTRIBUTION, ETC. (IMPRINT)
Place of publication, distribution, etc Noida
Name of publisher, distributor, etc Vikas Publishing
Date of publication, distribution, etc 2015
300 ## - PHYSICAL DESCRIPTION
Pages x, 259 p.
500 ## - GENERAL NOTE
General note 2161 12/10/2015 HBD15/6525 26/10/2015 IHTM (SFS)
942 ## - ADDED ENTRY ELEMENTS (KOHA)
Koha item type Books
Holdings
Withdrawn status Lost status Damaged status Not for loan Location (home branch) Sublocation or collection (holding branch) Shelving location Date acquired Koha issues (times borrowed) Koha full call number Accession No. Koha date last seen Koha item type
        VIVEKANANDA LIBRARY VIVEKANANDA LIBRARY IHTM Library 15/01/2016   647.94 G959H 350940 17/09/2023 Books
        VIVEKANANDA LIBRARY VIVEKANANDA LIBRARY IHTM Library 15/01/2016   647.94 G959H 350941 17/09/2023 Books
        VIVEKANANDA LIBRARY VIVEKANANDA LIBRARY IHTM Library 15/01/2016   647.94 G959H 350942 17/09/2023 Books
        VIVEKANANDA LIBRARY VIVEKANANDA LIBRARY IHTM Library 15/01/2016   647.94 G959H 350943 17/09/2023 Books
        VIVEKANANDA LIBRARY VIVEKANANDA LIBRARY IHTM Library 15/01/2016   647.94 G959H 350944 17/09/2023 Books
© Designed and Maintained by Vivekananda Library, MDU Rohtak